000 00859nam a2200253 i 4500
001 97387
003 ES-MaACL
005 20250821112133.0
007 t|
008 050711s1971 sp o ||||1| spa d
080 _a78 Pablo, Luis de
080 _a929 Pablo, Luis de
100 1 _aMarco, Tomás.
_976471
245 1 0 _aLuis de Pablo /
_cTomás Marco.
260 _a[Madrid] :
_bDirección General de Bellas Artes,
_c[1971]
300 _a77, [8] p. de fot. bl. y n. ;
_c17 cm.
490 1 _aArtistas españoles contemporáneos. Músicos ;
_v6
600 1 4 _aPablo, Luis de,
_d1930-
_988085
710 1 _aEspaña.
_bDirección General de Bellas Artes.
_93704
830 0 _aArtistas españoles contemporáneos. Músicos ;
_v6
_9184415
852 _aES-MaACL
_jC-47130
_bR.77501
852 _aES-MaACL
_j2261-F-6
_xOlim P-1916
999 _c97387
_d97387